| 000 | 00571cam a22002172a 4500 | ||
|---|---|---|---|
| 001 | 008423 | ||
| 003 | AR-FADEU | ||
| 008 | 311216n1986####xxu####################dd | ||
| 020 | _a84-297-2416-8 | ||
| 092 |
_a149.74 _bS592i |
||
| 100 | _aSimmel, Georg | ||
| 245 | _aEl individuo y la libertad : ensayos de crÃtica de la cultura | ||
| 260 | _aBarcelona | ||
| 260 | _bEdiciones PenÃnsula | ||
| 260 | _c1986 | ||
| 300 | _a284 p | ||
| 440 |
_aHistoria, ciencia, sociedad _n198 |
||
| 700 | _aSalvador, Mas, tr. | ||
| 650 | _aMODERNIDAD; CULTURA | ||
| 942 | _cBDGR | ||
| 999 |
_c14231 _d14231 |
||